[Event "Asia/Oceania Uni-ch (Women)"]
[Site "Tornelo INT"]
[Date "2022.12.19"]
[Round "5"]
[White "Batool, Obeid"]
[Black "Ng, Zhi Ying Natanya"]
[Result "1-0"]
[WhiteElo "1385"]
[BlackElo "1422"]
[PlyCount "53"]
[EventDate "2022.12.18"]
[EventType "swiss (rapid)"]
[EventRounds "9"]
[EventCountry "NET"]
[SourceTitle "EXT 2024"]
[Source "ChessBase"]
[SourceDate "2023.10.10"]
[SourceVersion "1"]
[SourceVersionDate "2023.10.10"]
[SourceQuality "1"]

1. e4 e5 2. Nf3 Nc6 3. Bc4 Bc5 4. c3 Nf6 5. d3 d6 6. Bb3 h6 7. 0-0 0-0 8. Bc2 Bg4 9. Nbd2 Bb6 10. a4 Ne7 11. a5 Bc5 12. b4 Bxb4 13. cxb4 Ng6 14. Nc4 Nh5 15. h3 Be6 16. Nfxe5 Nxe5 17. Nxe5 Nf6 18. Nf3 Re8 19. Bb2 Nh5 20. Qd2 Qd7 21. Kh2 Kh7 22. Nh4 Re7 23. f4 f5 24. exf5 Bf7 25. d4 Rae8 26. f6+ Kg8 27. fxe7 1-0

[Event "Asia/Oceania Uni-ch (Women)"]
[Site "Tornelo INT"]
[Date "2022.12.19"]
[Round "6"]
[White "Khaliun, Batnasan"]
[Black "Batool, Obeid"]
[Result "1-0"]
[WhiteElo "1849"]
[BlackElo "1385"]
[PlyCount "59"]
[EventDate "2022.12.18"]
[EventType "swiss (rapid)"]
[EventRounds "9"]
[EventCountry "NET"]
[SourceTitle "EXT 2024"]
[Source "ChessBase"]
[SourceDate "2023.10.10"]
[SourceVersion "1"]
[SourceVersionDate "2023.10.10"]
[SourceQuality "1"]

1. d4 Nf6 2. c4 e6 3. g3 d5 4. Nf3 b6 5. Bg2 Bb7 6. 0-0 Be7 7. Nc3 0-0 8. Nd2 Nbd7 9. e4 dxe4 10. Ndxe4 Nxe4 11. Nxe4 f5 12. Nc3 Bxg2 13. Kxg2 Bf6 14. Be3 Re8 15. Qf3 g6 16. Rad1 Qc8 17. Qc6 a6 18. Rfe1 Bg7 19. Bf4 Nf6 20. Be5 Ra7 21. d5 Qb7 22. Qa4 b5 23. cxb5 axb5 24. Qxb5 exd5 25. Bxf6 d4+ 26. Kg1 Rxe1+ 27. Rxe1 Bxf6 28. Re8+ Kf7 29. Qd7+ Be7 30. Qxe7# 1-0